[Event "Madrid Alcorcon op 1st"]
[Site "Madrid"]
[Date "2022.12.28"]
[Round "6"]
[White "Darrazi Anbari, Munir"]
[Black "Iglesias Montes, Lucas"]
[Result "1-0"]
[WhiteElo "1534"]
[BlackElo "1050"]
[PlyCount "53"]
[EventDate "2022.12.26"]
[EventType "swiss"]
[EventRounds "9"]
[EventCountry "ESP"]
[SourceTitle "CBM 212 Extra"]
[Source "ChessBase"]
[SourceDate "2023.03.31"]
[SourceVersion "1"]
[SourceVersionDate "2023.03.31"]
[SourceQuality "1"]

1. e4 e6 2. d4 d5 3. Nc3 dxe4 4. Nxe4 Nf6 5. Nxf6+ gxf6 6. Bd3 Nc6 7. Nf3 Bd7 8. c3 Bd6 9. 0-0 Qe7 10. b4 a6 11. Bd2 Qf8 12. Re1 0-0-0 13. a4 Re8 14. b5 axb5 15. axb5 Nb8 16. c4 c6 17. c5 Be7 18. Qb3 f5 19. Reb1 Bf6 20. bxc6 Bxc6 21. Bf4 Bd8 22. Bb5 Bxb5 23. Qxb5 Qe7 24. Ra8 Bc7 25. Qxb7+ Kd8 26. Rxb8+ Bxb8 27. Qxb8+ 1-0